000 00842nam1a22002531 4500
001 RU\NLR\A1SV\113630
005 20251203171251.9
035 _a(NLR Aleph) 009794983
090 _a10152606
_c10152606
100 _a20260120 rusy50
101 0 _arus
102 _aRU
200 1 _aОтчет Осташковского союза кооперативов "Селигер"...
210 _aОсташков
_cИнструктор. отд. при Осташ. союзе кооперативов "Селигер"
_d1920-1921
215 _d25 см
620 _dОсташков
710 0 0 _a"Селигер", союз кооперативов
_bОсташков
801 0 _aRU
_bNLR
_c20120525
852 _aNLR
_j94/694-1-2
899 _aРГБ
_z(за 1918 г.)
942 _cBOOK
980 _aNB
980 _aA1SV